Advances in animal virology
Đã lưu trong:
| 主要作者: | |
|---|---|
| 格式: | 圖書 |
| 語言: | Undetermined |
| 出版: |
Enfield, New Hamphshire
Science
1998
|
| 主題: | |
| 標簽: |
添加標簽
沒有標簽, 成為第一個標記此記錄!
|
| Thư viện lưu trữ: | Trung tâm Học liệu Trường Đại học Cần Thơ |
|---|
| LEADER | 00568nam a2200169Ia 4500 | ||
|---|---|---|---|
| 001 | CTU_48834 | ||
| 008 | 210402s9999 xx 000 0 und d | ||
| 082 | |a 579.2 | ||
| 082 | |b A245 | ||
| 100 | |a Advances in animal virology | ||
| 245 | 0 | |a Advances in animal virology | |
| 245 | 0 | |c Advances in animal virology; Biên tập, hiệu đính: Luis Villarreal, Shahid Jameel | |
| 260 | |a Enfield, New Hamphshire | ||
| 260 | |b Science | ||
| 260 | |c 1998 | ||
| 650 | |a virology - congresses,viruses - congreses | ||
| 980 | |a Trung tâm Học liệu Trường Đại học Cần Thơ | ||